Stolice w języku szwedzkim - Statystyki

Ogólne statystyki
  • Ten quiz został rozwiązany 317 razy
  • Średni wynik to 7 z 7
Statystyki odpowiedzi
Szwedzki Polskie % Poprawnych
Köpenhamn Kopenhaga
100%
Moskva Moskwa
100%
Aten Ateny
99%
Wien Wieden
99%
Stockholm Sztokholm
98%
Lissabon Lizbona
97%
Helsingfors Helsinki
92%
Nie znaleziono quizów pasujących do podanych kryteriów
Rozkład punktacji
Procent ludzi z każdym wynikiem
Percentyl według liczby udzielonych odpowiedzi
Twoja historia wyników
Nie rozwiązałeś tego quizu